[Event "ChessOrg Schachfestival 2025"]
[Site "Bad Woerishofen Senioren-Open"]
[Date "2025.03.28"]
[Round "8.1"]
[White "Pirrot, Dieter"]
[Black "Baum, Bernd"]
[Result "1/2-1/2"]
[Annotator "wempe"]
[WhiteElo "2311"]
[BlackElo "2234"]
[WhiteFideId "-1"]
[WhiteFideId "-1"]
[PlyCount "65"]
[GameId "2246669349564512"]
[EventDate "2025.03.21"]

1. e4 e6 2. d4 d5 3. e5 c5 4. c3 Nc6 5. Nf3 Bd7 6. Bd3 cxd4 7. cxd4 Qb6 8. O-O Nxd4 9. Nbd2 Ne7 10. Nxd4 Qxd4 11. Nf3 Qa4 12. b3 Qa5 13. Bd2 Qd8 14. b4 Ng6 15. g3 Be7 16. h4 f6 17. exf6 gxf6 18. Re1 Kf7 19. h5 Nf8 20. Qb3 Bd6 21. Re3 Qb6 22. Rae1 Re8 23. Bc3 Rg8 24. Qb1 Bf4 25. Bd4 Qc7 26. Re5 fxe5 27. Nxe5+ Ke7 28. Kf1 Bd2 29. Rd1 Bh6 30. Bc5+ Kf6 31. Bd4 Ke7 32. Bc5+ Kf6 33. Bd4 1/2-1/2

[Event "ChessOrg Schachfestival 2025"]
[Site "Bad Woerishofen Senioren-Open"]
[Date "2025.03.28"]
[Round "8.2"]
[White "Zuehlke, Burkhard"]
[Black "Rodgaard, John"]
[Result "1/2-1/2"]
[Annotator "wempe"]
[WhiteElo "2048"]
[BlackElo "2257"]
[WhiteFideId "-1"]
[WhiteFideId "-1"]
[PlyCount "40"]
[GameId "2246670580912264"]
[EventDate "2025.03.21"]

1. d4 d5 2. c4 dxc4 3. e4 b5 4. a4 c6 5. axb5 cxb5 6. Nc3 Qb6 7. Nd5 Qb7 8. Bf4 e5 9. Bxe5 Nd7 10. Bf4 Ngf6 11. Nc7+ Kd8 12. Nxa8 Qxe4+ 13. Ne2 Qxa8 14. Nc3 Bb4 15. f3 a6 16. Kf2 Nd5 17. Bg5+ f6 18. Bd2 Nxc3 19. bxc3 Bd6 20. Qc2 Nb6 1/2-1/2

[Event "ChessOrg Schachfestival 2025"]
[Site "Bad Woerishofen Senioren-Open"]
[Date "2025.03.28"]
[Round "8.4"]
[White "Keller, Harald"]
[Black "Kristensen, Leif"]
[Result "0-1"]
[Annotator "wempe"]
[WhiteElo "2021"]
[BlackElo "2310"]
[WhiteFideId "-1"]
[WhiteFideId "-1"]
[PlyCount "106"]
[GameId "2246671353032858"]
[EventDate "2025.03.21"]

1. e4 g6 2. d4 Bg7 3. Nc3 d6 4. Be3 a6 5. Qd2 Nd7 6. h4 h5 7. Nh3 b5 8. a3 c5 9. dxc5 Nxc5 10. Bxc5 dxc5 11. Qxd8+ Kxd8 12. O-O-O+ Bd7 13. Ng5 Nh6 14. Nd5 Rb8 15. c3 e6 16. Nf4 Ke7 17. f3 Rhc8 18. Kb1 b4 19. Bxa6 Rc6 20. Bc4 bxa3 21. b3 Bxc3 22. Ka2 Rcb6 23. Rd3 Be5 24. Rhd1 R8b7 25. Ne2 Bb2 26. Nc3 f6 27. Nh3 Nf7 28. f4 Nd6 29. e5 fxe5 30. fxe5 Nxc4 31. bxc4 Bxc3 32. Rxc3 Rb2+ 33. Ka1 Ba4 34. Rf1 a2 35. Rcf3 Rb1+ 36. Kxa2 Rxf1 37. Rxf1 Bb3+ 38. Ka3 Bxc4 39. Rc1 Rb3+ 40. Ka4 Rb4+ 41. Ka3 Bd5 42. Rxc5 Rxh4 43. Rc7+ Kd8 44. Rf7 Rg4 45. Nf4 h4 46. Rf6 g5 47. Nxe6+ Bxe6 48. Rxe6 Rxg2 49. Kb4 h3 50. Rh6 Rg4+ 51. Kc5 Rh4 52. Rg6 h2 53. Kd6 Rd4+ 0-1

[Event "ChessOrg Schachfestival 2025"]
[Site "Bad Woerishofen Senioren-Open"]
[Date "2025.03.28"]
[Round "8.5"]
[White "Kindtner, Ulrich"]
[Black "Chan, Peng Kong"]
[Result "1/2-1/2"]
[Annotator "wempe"]
[WhiteElo "2157"]
[BlackElo "2082"]
[WhiteFideId "-1"]
[WhiteFideId "-1"]
[PlyCount "76"]
[GameId "2246672044273827"]
[EventDate "2025.03.21"]

1. e4 c5 2. c3 Nf6 3. e5 Nd5 4. d4 cxd4 5. cxd4 d6 6. Nf3 Nc6 7. a3 g6 8. Bc4 dxe5 9. dxe5 Be6 10. O-O Bg7 11. Qe2 Qd7 12. Re1 O-O 13. Bd2 Rad8 14. Nc3 Nxc3 15. Bxc3 Bxc4 16. Qxc4 Qd5 17. Qe2 Qb3 18. h4 h6 19. Rac1 Qe6 20. Qe4 Rd7 21. b4 a6 22. a4 Rd5 23. Qe2 b5 24. axb5 axb5 25. Rcd1 Rfd8 26. Rxd5 Rxd5 27. Qe4 Kh8 28. g3 Kg8 29. Kg2 Kh8 30. Re2 Kg8 31. Qe3 Rd1 32. Qe4 Qd5 33. Nd4 Nxb4 34. Nxb5 Qxb5 35. Bxb4 e6 36. Bd6 Qd5 37. Qxd5 Rxd5 38. f4 Bf8 1/2-1/2

[Event "ChessOrg Schachfestival 2025"]
[Site "Bad Woerishofen Senioren-Open"]
[Date "2025.03.28"]
[Round "8.6"]
[White "Higatsberger, Michael"]
[Black "Luciani, Carlo"]
[Result "1-0"]
[Annotator "wempe"]
[WhiteElo "2069"]
[BlackElo "2149"]
[WhiteFideId "-1"]
[WhiteFideId "-1"]
[PlyCount "79"]
[GameId "2246672580800684"]
[EventDate "2025.03.21"]

1. e4 e5 2. Nf3 Nc6 3. d4 exd4 4. Nxd4 Qf6 5. Nf3 Qg6 6. Nc3 Bb4 7. Bd2 Bxc3 8. Bxc3 Qxe4+ 9. Be2 Nf6 10. O-O O-O 11. Bxf6 gxf6 12. Re1 Qf4 13. g3 Qh6 14. Bb5 d6 15. Bxc6 bxc6 16. Re4 c5 17. Nh4 Rb8 18. b3 Be6 19. c4 d5 20. cxd5 Rfd8 21. Qc1 Qxc1+ 22. Rxc1 Rxd5 23. Ra4 Rb7 24. Ng2 Rd2 25. Nf4 Bg4 26. Rc3 Bd7 27. Ra5 Bc6 28. Rd3 Rxd3 29. Nxd3 c4 30. Nc5 Rb4 31. Rxa7 c3 32. Rxc7 Bb5 33. Na4 Rc4 34. Rxc4 Bxc4 35. Nxc3 Bd3 36. f4 Kf8 37. Kf2 Ke7 38. Ke3 Ba6 39. Kd4 Kd6 40. Ne4+ 1-0

[Event "ChessOrg Schachfestival 2025"]
[Site "Bad Woerishofen Senioren-Open"]
[Date "2025.03.28"]
[Round "8.7"]
[White "Heck, Norbert"]
[Black "Kierzek, Matthias"]
[Result "1/2-1/2"]
[Annotator "wempe"]
[WhiteElo "2146"]
[BlackElo "2078"]
[WhiteFideId "-1"]
[WhiteFideId "-1"]
[PlyCount "73"]
[GameId "2246685420777653"]
[EventDate "2025.03.21"]

1. d4 d5 2. Nf3 Nf6 3. g3 Bf5 4. Bg2 e6 5. c4 c6 6. Nc3 h6 7. Qb3 Qb6 8. c5 Qxb3 9. axb3 Be7 10. b4 O-O 11. b3 Na6 12. b5 Nb4 13. Ra4 Nc2+ 14. Kd1 cxb5 15. Nxb5 a5 16. Bf4 Nb4 17. Ra3 Ne4 18. Rf1 Rfc8 19. g4 Bh7 20. Ne5 Rd8 21. f3 Nf6 22. Kd2 Ne8 23. Rc1 f6 24. Nd3 Bxd3 25. exd3 Nc6 26. Bc7 Rd7 27. Bb6 Bd8 28. Bxd8 Raxd8 29. f4 Nc7 30. Nd6 Ne8 31. Nb5 Nc7 32. Nxc7 Rxc7 33. Ke3 Re7 34. h4 g5 35. hxg5 hxg5 36. fxg5 fxg5 37. Ra4 1/2-1/2

[Event "ChessOrg Schachfestival 2025"]
[Site "Bad Woerishofen Senioren-Open"]
[Date "2025.03.28"]
[Round "8.8"]
[White "Scholl, Martin"]
[Black "Schatz, Christian"]
[Result "1/2-1/2"]
[Annotator "wempe"]
[WhiteElo "2015"]
[BlackElo "2126"]
[WhiteFideId "-1"]
[WhiteFideId "-1"]
[PlyCount "22"]
[GameId "2246688025600190"]
[EventDate "2025.03.21"]

1. c4 c5 2. Nc3 Nc6 3. Nf3 g6 4. d4 cxd4 5. Nxd4 Bg7 6. Nxc6 bxc6 7. e4 d6 8. Be2 Nf6 9. O-O O-O 10. Be3 Qa5 11. Qd2 Ng4 1/2-1/2

[Event "ChessOrg Schachfestival 2025"]
[Site "Bad Woerishofen Senioren-Open"]
[Date "2025.03.28"]
[Round "8.9"]
[White "Tolhuizen, Ludo"]
[Black "Daeubler, Heinrich"]
[Result "1-0"]
[Annotator "wempe"]
[WhiteElo "1926"]
[BlackElo "2114"]
[WhiteFideId "-1"]
[WhiteFideId "-1"]
[PlyCount "47"]
[GameId "2246688364122342"]
[EventDate "2025.03.21"]

1. d4 g6 2. e4 Bg7 3. Nc3 d6 4. Nf3 a6 5. Be3 b5 6. Bd3 Bb7 7. a4 b4 8. Ne2 Nd7 9. Qd2 Ngf6 10. Ng3 h5 11. e5 dxe5 12. dxe5 Bxf3 13. exf6 Bxf6 14. gxf3 Bxb2 15. O-O Bc3 16. Qe2 f5 17. Rad1 h4 18. Nxf5 e6 19. Bd4 gxf5 20. Bxh8 Bxh8 21. Qxe6+ Qe7 22. Qg6+ Qf7 23. Qxf7+ Kxf7 24. Bc4+ 1-0

[Event "ChessOrg Schachfestival 2025"]
[Site "Bad Woerishofen Senioren-Open"]
[Date "2025.03.28"]
[Round "8.10"]
[White "Geyer, Bernhard"]
[Black "Zoernpfenning, Siegfried"]
[Result "1/2-1/2"]
[Annotator "wempe"]
[WhiteElo "2112"]
[BlackElo "2048"]
[WhiteFideId "-1"]
[WhiteFideId "-1"]
[PlyCount "48"]
[GameId "2246688785137903"]
[EventDate "2025.03.21"]

1. e4 e5 2. Nc3 Nc6 3. Nf3 Nf6 4. g3 g6 5. Bg2 Bg7 6. O-O O-O 7. d3 d6 8. h3 h6 9. Be3 Be6 10. Qd2 Kh7 11. d4 d5 12. exd5 Nxd5 13. dxe5 Nxc3 14. Qxc3 Qc8 15. Kh2 Bd5 16. Bd4 Bxf3 17. Bxf3 Nxd4 18. Qxd4 Qf5 19. Bxb7 Bxe5 20. Qb4 Rab8 21. Rac1 c5 22. Qb5 Qf6 23. Qc6 Bxb2 24. Qxf6 Bxf6 1/2-1/2

[Event "ChessOrg Schachfestival 2025"]
[Site "Bad Woerishofen Senioren-Open"]
[Date "2025.03.29"]
[Round "9.4"]
[White "Baum, Bernd"]
[Black "Zuehlke, Burkhard"]
[Result "1-0"]
[Annotator "wempe"]
[WhiteElo "2234"]
[BlackElo "2048"]
[WhiteFideId "-1"]
[WhiteFideId "-1"]
[PlyCount "87"]
[GameId "2246689864216958"]
[EventDate "2025.03.21"]

1. c4 Nf6 2. Nf3 d6 3. g3 g6 4. b3 Bg7 5. Bb2 e5 6. Bg2 Nc6 7. d3 a6 8. O-O O-O 9. Nc3 Bd7 10. h3 Rb8 11. Rc1 Re8 12. Nd2 Ne7 13. Kh2 Be6 14. Rc2 Nd7 15. Qa1 Nf5 16. Rcc1 Bh6 17. Rcd1 Bg7 18. b4 Nf6 19. a3 h5 20. Nce4 Nxe4 21. dxe4 Nd4 22. e3 Nc6 23. f4 Bd7 24. Bc3 Qe7 25. Qb2 Nd8 26. Nb3 Be6 27. c5 Bxb3 28. cxd6 cxd6 29. Qxb3 b5 30. Rd2 Rc8 31. Bb2 Rc4 32. Rfd1 Nb7 33. Rd5 Rc7 34. R1d2 Rec8 35. h4 Kh7 36. Qd1 f6 37. Bh3 exf4 38. exf4 Re8 39. f5 Bh6 40. fxg6+ Kg8 41. Rf2 Qxe4 42. Bg2 Qe3 43. Rdf5 Re6 44. Bd5 1-0

[Event "ChessOrg Schachfestival 2025"]
[Site "Bad Woerishofen Senioren-Open"]
[Date "2025.03.29"]
[Round "9.5"]
[White "Schnelzer, Reinhold"]
[Black "Rauch, Uwe"]
[Result "1-0"]
[Annotator "wempe"]
[WhiteElo "2178"]
[BlackElo "2091"]
[WhiteFideId "-1"]
[WhiteFideId "-1"]
[PlyCount "71"]
[GameId "2246690663461290"]
[EventDate "2025.03.21"]

1. d4 Nf6 2. c4 g6 3. Nf3 Bg7 4. g3 O-O 5. Bg2 d6 6. Nc3 Nc6 7. d5 Na5 8. Nd2 c5 9. Qc2 e6 10. O-O exd5 11. cxd5 Bd7 12. b3 b5 13. Bb2 Re8 14. Rfe1 Rc8 15. e4 Qb6 16. Rf1 b4 17. Nd1 Ng4 18. Bxg7 Kxg7 19. Bh3 f6 20. Kg2 Rc7 21. f3 h5 22. fxg4 hxg4 23. Bxg4 Bxg4 24. Ne3 Bc8 25. Nec4 Qa6 26. Nxa5 Bh3+ 27. Kg1 Bxf1 28. Rxf1 Qxa5 29. Nc4 Qa6 30. Qf2 Rf8 31. Qf4 Re7 32. Rf2 f5 33. Nxd6 Qd3 34. Nxf5+ gxf5 35. Qg5+ Kf7 36. Qxf5+ 1-0

[Event "ChessOrg Schachfestival 2025"]
[Site "Bad Woerishofen Senioren-Open"]
[Date "2025.03.29"]
[Round "9.6"]
[White "Kierzek, Matthias"]
[Black "Kindtner, Ulrich"]
[Result "0-1"]
[Annotator "wempe"]
[WhiteElo "2078"]
[BlackElo "2157"]
[WhiteFideId "-1"]
[WhiteFideId "-1"]
[PlyCount "64"]
[GameId "2246693209362868"]
[EventDate "2025.03.21"]

1. d4 g6 2. e4 Bg7 3. c4 d6 4. Nc3 Nc6 5. d5 Nd4 6. Be3 c5 7. Nge2 Qb6 8. Na4 Qa5+ 9. Bd2 Qa6 10. Nec3 Bd7 11. Bd3 Nf6 12. O-O O-O 13. Rb1 b5 14. cxb5 Nxb5 15. Qc2 Nd4 16. Bxa6 Nxc2 17. h3 Nxe4 18. Nxe4 Bxa4 19. b3 Bd7 20. b4 Nxb4 21. Bxb4 Bf5 22. f3 cxb4 23. Rxb4 Rab8 24. Rfb1 Bd4+ 25. Kf1 Rb6 26. Rxb6 axb6 27. a4 Ra8 28. Bb5 Kg7 29. Ke2 Ra7 30. Kd3 Bc5 31. Kc4 e6 32. Rb2 Rc7 0-1

[Event "ChessOrg Schachfestival 2025"]
[Site "Bad Woerishofen Senioren-Open"]
[Date "2025.03.29"]
[Round "9.7"]
[White "Zoernpfenning, Siegfried"]
[Black "Heck, Norbert"]
[Result "1/2-1/2"]
[Annotator "wempe"]
[WhiteElo "2048"]
[BlackElo "2146"]
[WhiteFideId "-1"]
[WhiteFideId "-1"]
[PlyCount "156"]
[GameId "2246693755240904"]
[EventDate "2025.03.21"]

1. d4 c5 2. d5 Nf6 3. c4 b5 4. f3 g6 5. e4 d6 6. cxb5 Bg7 7. Nc3 O-O 8. Be3 a6 9. Qd2 e6 10. Rd1 exd5 11. Nxd5 axb5 12. Nc3 b4 13. Nb5 Ba6 14. e5 Nfd7 15. Nxd6 Bxf1 16. Kxf1 Bxe5 17. Nc4 Bf6 18. Ne2 Nb6 19. Qxd8 Rxd8 20. Rxd8+ Bxd8 21. Nxb6 Bxb6 22. Nc1 Nd7 23. b3 Kf8 24. Ke2 Ke7 25. Rd1 Bc7 26. Rd2 Bxh2 27. f4 Bg3 28. Kf3 Bh4 29. Nd3 Ra5 30. Rc2 Kd6 31. Rd2 Kc6 32. Rc2 Kd5 33. Rd2 Ke6 34. g4 Bf6 35. Rh2 Bc3 36. f5+ gxf5 37. gxf5+ Kxf5 38. Rxh7 Ke6 39. Nf4+ Kd6 40. Rh6+ f6 41. Rh2 Ra8 42. Nd3 Rg8 43. Nf2 Ne5+ 44. Ke2 Kd5 45. Rh6 Ra8 46. Rxf6 Rxa2+ 47. Kd1 Bd4 48. Bxd4 Kxd4 49. Rf4+ Kd5 50. Ne4 Nd3 51. Rh4 Ne5 52. Nf6+ Kc6 53. Rh5 Nd3 54. Ne4 Rb2 55. Nd2 Nf4 56. Rh8 Ne6 57. Rh6 Kd7 58. Rh7+ Ke8 59. Kc1 Ra2 60. Rh5 Kd7 61. Rh7+ Kc6 62. Rh6 Kd5 63. Rh5+ Kd4 64. Rh4+ Kd3 65. Rh3+ Kd4 66. Rh4+ Ke5 67. Rh5+ Kf4 68. Rh4+ Kg3 69. Rc4 Ra1+ 70. Kb2 Rd1 71. Ne4+ Kf3 72. Nxc5 Nxc5 73. Rxc5 Rd2+ 74. Kc1 Rd4 75. Kc2 Ke3 76. Re5+ Re4 77. Rh5 Rf4 78. Rh2 Kd4 1/2-1/2

[Event "ChessOrg Schachfestival 2025"]
[Site "Bad Woerishofen Senioren-Open"]
[Date "2025.03.29"]
[Round "9.8"]
[White "Krulich, Roman"]
[Black "Scholl, Martin"]
[Result "1-0"]
[Annotator "wempe"]
[WhiteElo "2132"]
[BlackElo "2015"]
[WhiteFideId "-1"]
[WhiteFideId "-1"]
[PlyCount "103"]
[GameId "2248939381559330"]
[EventDate "2025.03.21"]

1. Nf3 Nf6 2. g3 d5 3. Bg2 e6 4. O-O Be7 5. c4 O-O 6. b3 c5 7. cxd5 Nxd5 8. Nc3 Bf6 9. Bb2 Nc6 10. Qc2 b6 11. Nxd5 exd5 12. d4 Nb4 13. Qd2 Be6 14. Rfc1 Rc8 15. dxc5 bxc5 16. a3 Na6 17. Bxf6 Qxf6 18. Qa5 Bf5 19. Ne1 Rfd8 20. b4 Qb6 21. Qa4 c4 22. e3 Nc7 23. Rd1 Nb5 24. Rac1 d4 25. exd4 Nxd4 26. Bf1 Bd7 27. Qa5 Qxa5 28. bxa5 Ba4 29. Rd2 c3 30. Rd3 c2 31. f3 Kf8 32. Kf2 Ke7 33. Ke3 Rc4 34. g4 g5 35. Rd2 Rc3+ 36. Rd3 Rb3 37. Rxb3 Bxb3 38. Bd3 Kf6 39. Nxc2 Ne6 40. Nb4 Nf4 41. Rc7 Ng2+ 42. Kd2 Nh4 43. Ke2 Ng2 44. Rxa7 Nf4+ 45. Ke3 Ng2+ 46. Kd2 Nh4 47. Ke2 h6 48. Rc7 Ng2 49. a6 Nf4+ 50. Ke3 Ne6 51. Rc3 Ba4 52. Be4 1-0

[Event "ChessOrg Schachfestival 2025"]
[Site "Bad Woerishofen Senioren-Open"]
[Date "2025.03.29"]
[Round "9.9"]
[White "Schatz, Christian"]
[Black "Heller, Achim"]
[Result "1/2-1/2"]
[Annotator "wempe"]
[WhiteElo "2126"]
[BlackElo "2033"]
[WhiteFideId "-1"]
[WhiteFideId "-1"]
[PlyCount "29"]
[GameId "2248939500429392"]
[EventDate "2025.03.21"]

1. e4 c6 2. d4 d5 3. Nd2 dxe4 4. Nxe4 Nf6 5. Nxf6+ exf6 6. c3 Bd6 7. Bd3 O-O 8. Ne2 Re8 9. Qc2 h5 10. Be3 Nd7 11. O-O-O Nf8 12. Ng3 Be6 13. Kb1 g6 14. Ne4 Be7 15. c4 1/2-1/2

[Event "ChessOrg Schachfestival 2025"]
[Site "Bad Woerishofen Senioren-Open"]
[Date "2025.03.29"]
[Round "9.10"]
[White "Chan, Peng Kong"]
[Black "Geyer, Bernhard"]
[Result "1/2-1/2"]
[Annotator "wempe"]
[WhiteElo "2082"]
[BlackElo "2112"]
[WhiteFideId "-1"]
[WhiteFideId "-1"]
[PlyCount "118"]
[GameId "2248939834286182"]
[EventDate "2025.03.21"]

1. d4 d5 2. c4 e6 3. Nc3 Nf6 4. cxd5 exd5 5. Bg5 Be7 6. Qc2 c6 7. e3 Be6 8. Bd3 Nbd7 9. Nge2 h6 10. Bh4 g5 11. Bg3 Nh5 12. f3 Nxg3 13. hxg3 Nf6 14. g4 Bd6 15. O-O-O Qd7 16. Kb1 O-O-O 17. Nb5 Bb8 18. Rc1 a6 19. Nbc3 Qc7 20. Na4 Nd7 21. Qb3 Ba7 22. Rxc6 Qxc6 23. Rc1 Qxc1+ 24. Nxc1 h5 25. gxh5 Rxh5 26. Qb4 Rh1 27. f4 gxf4 28. exf4 f5 29. Kc2 Rg8 30. Ne2 Rxg2 31. Qd6 Rh6 32. Kb3 Rf6 33. Nac3 Bf7 34. Qe7 Bb8 35. Na4 Bc7 36. Nec3 Bd8 37. Qe1 b5 38. Nxb5 axb5 39. Bxb5 Nb6 40. Qa5 Bc7 41. Qa6+ Kd8 42. Nc5 Be6 43. Nb7+ Ke7 44. Qa3+ Kf7 45. Qc5 Na8 46. Qa7 Rg3+ 47. Kb4 Rg8 48. a4 Bb6 49. Nd6+ Kg6 50. Qb7 Bxd4 51. Be8+ Kh6 52. Qxa8 Bxb2 53. Qc6 Rg3 54. Qc2 Ba3+ 55. Kb5 Rg4 56. Qc3 Kg7 57. Qxa3 Rxf4 58. Qc3 d4 59. Qe1 Rg4 1/2-1/2

[Event "ChessOrg Schachfestival 2025"]
[Site "Bad Woerishofen Senioren-Open"]
[Date "2025.03.29"]
[Round "9.11"]
[White "Luciani, Carlo"]
[Black "Keller, Harald"]
[Result "1-0"]
[Annotator "wempe"]
[WhiteElo "2149"]
[BlackElo "2021"]
[WhiteFideId "-1"]
[WhiteFideId "-1"]
[PlyCount "47"]
[GameId "2251137635794976"]
[EventDate "2025.03.21"]

1. e4 d5 2. exd5 Qxd5 3. Nc3 Qd6 4. d4 Nf6 5. Nf3 c6 6. Bc4 Bg4 7. Be3 e6 8. h3 Bxf3 9. Qxf3 Nbd7 10. Rd1 Qc7 11. O-O Bd6 12. Rfe1 O-O 13. Ne4 Nxe4 14. Qxe4 e5 15. dxe5 Nxe5 16. Bb3 Ng6 17. g3 Rfe8 18. Qf5 Rad8 19. Bxa7 Rxe1+ 20. Rxe1 c5 21. Bb6 Qxb6 22. Qxf7+ Kh8 23. Re8+ Rxe8 24. Qxe8+ 1-0

[Event "ChessOrg Schachfestival 2025"]
[Site "Bad Woerishofen Senioren-Open"]
[Date "2025.03.29"]
[Round "9.15"]
[White "Mueller, Erich"]
[Black "Stern, Robert"]
[Result "1/2-1/2"]
[Annotator "wempe"]
[WhiteElo "2063"]
[BlackElo "1988"]
[WhiteFideId "-1"]
[WhiteFideId "-1"]
[PlyCount "73"]
[GameId "2251138052337737"]
[EventDate "2025.03.21"]

1. f4 c5 2. b3 g6 3. Bb2 Nf6 4. Nf3 Bg7 5. e3 O-O 6. Be2 Nc6 7. O-O d6 8. Nc3 a6 9. a4 b6 10. Qe1 Nb4 11. Rc1 Bb7 12. Nd1 Qd7 13. Qh4 b5 14. axb5 axb5 15. c3 Na6 16. Nf2 Bd5 17. c4 bxc4 18. bxc4 Bxf3 19. Bxf3 Rab8 20. Bc3 Qe6 21. Qh3 Qxh3 22. Nxh3 Nd7 23. Bxg7 Kxg7 24. Ra1 Rb6 25. Rfb1 Rfb8 26. Be4 Rxb1+ 27. Rxb1 Rxb1+ 28. Bxb1 Nb4 29. Nf2 f5 30. Nd3 Nxd3 31. Bxd3 Kf6 32. Bc2 e5 33. Kf2 g5 34. g3 h6 35. Ke2 Nf8 36. Ba4 Ne6 37. Bd7 1/2-1/2

[Event "ChessOrg Schachfestival 2025"]
[Site "Bad Woerishofen Senioren-Open"]
[Date "2025.03.29"]
[Round "9.17"]
[White "Van Amerongen-Jansen, Peggy"]
[Black "Biegel, Thomas"]
[Result "0-1"]
[Annotator "wempe"]
[WhiteElo "1957"]
[BlackElo "2062"]
[WhiteFideId "-1"]
[WhiteFideId "-1"]
[PlyCount "70"]
[GameId "2251397537005614"]
[EventDate "2025.03.21"]

1. e4 c5 2. Nf3 g6 3. c3 Bg7 4. d4 cxd4 5. Nxd4 Nc6 6. Be3 Nf6 7. Nxc6 bxc6 8. Nd2 d5 9. Bd4 O-O 10. exd5 cxd5 11. Be5 Qb6 12. Nb3 Qe6 13. Qe2 Ba6 14. Qxa6 Qxe5+ 15. Be2 Rfb8 16. O-O Rb6 17. Qd3 a5 18. Rab1 Qb8 19. Qc2 Ra7 20. Nc5 Rc6 21. Na4 Nd7 22. Qd3 e6 23. Rbc1 Qc7 24. b3 Rb7 25. Qd2 Nf6 26. Bf3 Rb8 27. c4 Rc8 28. Rcd1 Rd8 29. Nc3 Rd7 30. Nb5 Qb6 31. a4 dxc4 32. Qc2 Nd5 33. bxc4 Qc5 34. Qe2 Qxc4 35. Bxd5 Qxe2 0-1

[Event "ChessOrg Schachfestival 2025"]
[Site "Bad Woerishofen Senioren-Open"]
[Date "2025.03.29"]
[Round "9.19"]
[White "Mayr, Guenter"]
[Black "Remensberger, Paul"]
[Result "1/2-1/2"]
[Annotator "wempe"]
[WhiteElo "1888"]
[BlackElo "2038"]
[WhiteFideId "-1"]
[WhiteFideId "-1"]
[PlyCount "44"]
[GameId "2251399902957659"]
[EventDate "2025.03.21"]

1. e4 e6 2. d4 d5 3. e5 c5 4. c3 Nc6 5. Nf3 Bd7 6. Na3 cxd4 7. cxd4 Nge7 8. Nc2 Nf5 9. Bd3 Be7 10. O-O O-O 11. Kh1 Rc8 12. a3 a5 13. Rb1 a4 14. g4 Nh4 15. Nxh4 Bxh4 16. g5 Bxg5 17. Qh5 h6 18. Rg1 f5 19. Bxg5 Be8 20. Qh4 hxg5 21. Rxg5 Rc7 22. Rbg1 g6 1/2-1/2